| 000 | 00404nam a22001457a 4500 | ||
|---|---|---|---|
| 999 |
_c7702 _d7702 |
||
| 003 | GBCCL | ||
| 005 | 20241126110634.0 | ||
| 008 | 180911b ||||| |||| 00| 0 eng d | ||
| 040 | _cgbc | ||
| 082 |
_aSOU GOS _b2010 |
||
| 245 |
_aGospel centenary compendium: _bSouthern Manipur gospel centenary celebration |
||
| 260 |
_aManipur: _bthe celebration committee, _c2010 |
||
| 300 | _a96p. ; | ||
| 942 |
_2ddc _cARCH |
||